00293cam a22001097a 4500008004000000082001300040100001700053245004000070260004200110300001000152650002100162180718b1992 xxu||||| |||| 00| 0 eng d aY26 So64 aSootha, G.D. aEnergy from the suncby G.D. Sootha aNew DelhibMatricks Informationc1992 a138p. aEnergy resources